Aktuálne pohľady na výskum cudzích jazykov a interkultúrnej komunikácie zborník vedeckých prác

Guardado en:
Detalles Bibliográficos
Otros Autores: Štefančík, Radoslav, 1976-, Lišková, Danuša, Dulebová, Irina
Formato: Libro
Lenguaje:eslovaco
checo
alemán
inglés
Publicado: Trnava Slovenská spoločnosť pre regionálnu politiku pri SAV 2019
Edición:1. vydanie
Materias:
Etiquetas: Agregar Etiqueta
Sin Etiquetas, Sea el primero en etiquetar este registro!

MARC

LEADER 00000nlm a2200000 4500
001 0253776
005 20240513113027.7
020 |a 978-80-972278-4-5 
041 0 |a slo 
041 0 |a cze 
041 0 |a ger 
041 0 |a eng 
044 |a SK 
245 1 0 |a Aktuálne pohľady na výskum cudzích jazykov a interkultúrnej komunikácie  |b zborník vedeckých prác  |c editor: Radoslav Štefančík ; recenzenti: Danuša Lišková, Irina Dulebová 
250 |a 1. vydanie 
264 1 |a Trnava  |b Slovenská spoločnosť pre regionálnu politiku pri SAV  |c 2019 
300 |a CD-ROM 248 s. [13,38 AH] 
610 2 0 |a jazykoveda 
610 2 0 |a terminológia 
610 2 0 |a jazyky cudzie 
610 2 0 |a komunikácia interkultúrna 
610 2 0 |a výskum 
700 1 |a Štefančík, Radoslav, 1976- 
700 1 |a Lišková, Danuša 
700 1 |a Dulebová, Irina